000 02849nam a2200529 c 4500
001 58568
003 CO-BoRNBP
005 20250826215612.0
007 ta
008 210828s2016 ck er dspa d spa
020 _a9789589136911
040 _aCO-BoRNBP
_bspa
_erda
_cCO-BoRNBP
041 0 _aspa
043 _as-ck---
082 0 4 _a305.409861
_bV32m
_222
100 _aVieira Quijano, Constanza
_eaut
_963531
245 1 0 _aMujeres :
_bpaz, política y poder /
_cConstanza Vieira Quijano ; Chila Pineda Arboleda... [y otras doce].
250 _aEdición especial
250 _aPrimera edición
264 1 _aBogotá, Colombia :
_bEdiciones Aurora,
_c2016
300 _a339 páginas
336 _atexto
_btxt
_2rdacontent
337 _asin mediación
_bn
_2rdamedia
338 _avolumen
_bnc
_2rdacarrier
490 0 _aEntrevistas
500 _aIncluye datos biográficos de las autoras en la solapa
505 0 _tLa falla absoluta es la política social
_rCecilia López
_tMujer, negra, rebelde y de izquierda
_rPiedad Córdoba
_tNo podemos dejar seguir dejando al mundo en las manos de los hombres
_rFlorence Thomas
_tLos acuerdos de paz fortalecerán la democracia
_rClara López
_tLas mujeres no solo debemos luchar por nuestra liberación sino también por todas las pobrerías
_rVictoria Sandino
_tHay que buscar que las leyes pasen del escritorio al territorio
_rAngela María Robledo
_tLas victimas nunca han escrito su historia
_rAida Avella
_tNosotros somos distintos porque respetamos al otro que es distinto
_rLeonor Zalabata
_tUno diría que la violencia, cada diez años, parece que regresa
_rOlga Lucia Quintero
_tDebemos apuntarle a la paz, sencillamente porque es necesaria
_rMaría Isabel Urrutia
_tUna justicia neutra respecto al género, es una justicia que reproduce la discriminación
_rJuanita Barreto
_tLa lucha por la tierra deberá ser tan importante como luchar por la historia de la lucha por la tierra: ahí es donde está la cultura
_rPatricia Ariza
521 1 _aRecomendado para un público mayor de 15 años
650 0 7 _aDerechos de la mujer
_2lemb
_9405
650 0 7 _aEducacion de la Mujer
_2LEMB
_963532
650 0 7 _aParticipación de la mujer
_2lemb
_963533
650 0 7 _aMujeres
_xAspectos políticos
_xInvestigaciones
_2LEMB
_963534
700 _aAriza, Patricia
_eaut
_91114
700 _aAvella, Aida
_963535
700 _aBarreto, Juanita
_963536
700 _aCórdoba, Piedad
_963537
700 _aLópez, Cecilia
_963538
700 _aLópez, Clara
_963539
700 _aPineda Arboleda, Chila
_eaut
_963540
700 _aQuintero, Olga Lucia
_963541
700 _aRobledo, Angela María
_963542
700 _aSandino, Victoria
_963543
700 _aThomas, Florence
_eaut
_923121
700 _aUrrutia, María Isabel
_963544
700 _aZalabata, Leonor
_eaut
_963545
942 _2ddc
_cBK
999 _c58568
_d58568